| 000 | 00917nam a2200313 i 4500 | ||
|---|---|---|---|
| 001 | 000030244 | ||
| 003 | DO-SdBNP | ||
| 005 | 20260212131728.0 | ||
| 008 | 260212s2001 dr ad 001 0 spa d | ||
| 040 |
_aDO-SdBNP _bspa _cBNPHU _erda |
||
| 041 | _aspa | ||
| 082 |
_axxx _bR426e _222 |
||
| 110 | 1 |
_aRepública Dominicana. _bSecretaría de Estado de la Mujer _938238 |
|
| 245 | 1 | 0 |
_aEnfoque de género en las políticas públicas : _bperiodismo y comunicación memorias |
| 264 |
_aSanto Domingo : _bSecretaria de Estado de la Mujer, _c2001 |
||
| 300 |
_a35 páginas : _bilustraciones ; _c28 cm. |
||
| 336 |
_ardacontent _btexto _2txt |
||
| 337 |
_ardamedia _bsin mediación _2n |
||
| 338 |
_ardacarrier _bvolumen _2nc |
||
| 590 | _aInventariado, 2026/DG | ||
| 650 | _92527 | ||
| 650 | _948095 | ||
| 650 | _92433 | ||
| 651 | _945 | ||
| 700 | _912096 | ||
| 710 | _952170 | ||
| 910 | _aDG | ||
| 942 |
_2ddc _cLBS1 |
||
| 999 |
_c60308 _d60308 |
||